000 00678nam a2200217Ia 4500
003 GCL
008 140319s9999 xx 000 0 ara d
040 _aGCL /
_cGCL
082 0 4 _aد
_b301
_bم ش
245 1 0 _aابحاث المؤتمر الثالث للمجموعة الاوربية
260 _a[S.N] :
_bمكتبة الانجلوالمصرية ،
_c1988
300 _a268
490 _aموسوعة العقل الالكترونى
_v0
650 0 4 _aالمجتمع
650 0 4 _aالاجتماع
650 0 4 _aالشباب
650 0 4 _aالتغير الاجتماعى
650 0 4 _aالتكيف الاجتماعى
650 0 4 _aالمثقفون
942 _2ddc
_cCR
999 _c26926
_d26926